书目信息 |
| 题名: |
王小波全集
|
|
| 作者: | 王小波 著 | |
| 分册: | 第三卷 长篇小说 | |
| 出版信息: | 昆明 云南人民出版社 2006 |
|
| 页数: | 207页 | |
| 开本: | 23cm | |
| 丛书名: | ||
| 单 册: | ||
| 中图分类: | I247.57 , I217.52 | |
| 科图分类: | ||
| 主题词: | 文学--作品--中国--现代--选集 , 文学 , 长篇小说 , 长篇小说--中国--现代 | |
| 电子资源: | ||
| ISBN: | 7-222-04766-2 | |
| 000 | 00876nam0 2200265 450 | |
| 001 | 003349148 | |
| 005 | 20070805164828.53 | |
| 010 | @a7-222-04766-2@b精装@dCNY288.00(全10册) | |
| 100 | @a20070112d2006 em y0chiy0110 ea | |
| 101 | 0 | @achi |
| 102 | @aCN@b530000 | |
| 105 | @ay z 000ay | |
| 200 | 1 | @a王小波全集@9wang xiao bo quan ji@h第三卷@i长篇小说@i万寿寺@f王小波著 |
| 210 | @a昆明@c云南人民出版社@d2006 | |
| 215 | @a207页@d23cm | |
| 330 | @a《王小波全集》收录了王小波生前的重要著述,内容包括杂文、长篇小说、中篇小说、短篇小说、书信集及未竟稿。本卷收入长篇小说《万寿寺》。 | |
| 606 | 0 | @a文学@x作品@y中国@z现代@j选集 |
| 606 | 0 | @a文学 |
| 606 | 0 | @a长篇小说 |
| 606 | 0 | @a长篇小说@y中国@z现代 |
| 690 | @aI247.57@v4 | |
| 690 | @aI217.52@v4 | |
| 701 | 0 | @a王小波@9wang xiao bo@f(1952~1997.4)@4著 |
| 801 | 0 | @aCN@bNLC@c20070805 |
| 905 | @a10447@dI217.52@e614:3 | |
| 王小波全集.第三卷.长篇小说.万寿寺/王小波著.-昆明:云南人民出版社,2006 |
| 207页;23cm |
| ISBN 7-222-04766-2(精装):CNY288.00(全10册) |
| 《王小波全集》收录了王小波生前的重要著述,内容包括杂文、长篇小说、中篇小说、短篇小说、书信集及未竟稿。本卷收入长篇小说《万寿寺》。 |
| ● |
| 相关链接 |
|
|
|
|
正题名:王小波全集
索取号:I217.52/614:3
 
预约/预借
| 序号 | 登录号 | 条形码 | 馆藏地/架位号 | 状态 | 备注 |
| 1 | 0808459 | 208084598 | 第一样本阅览室/ [索取号:I217.52/614:3] | 在馆 | |
| 2 | 0808460 | 208084605 | 第二借阅区/ [索取号:I217.52/614:3] | 在馆 | |
| 3 | 0808461 | 208084614 | 第二借阅区/ [索取号:I217.52/614:3] | 在馆 | |
| 4 | 0808462 | 208084623 | 第二借阅区/ [索取号:I217.52/614:3] | 在馆 | |
| 5 | 0808463 | 208084632 | 第二借阅区/ [索取号:I217.52/614:3] | 在馆 | |
| 6 | 0808464 | 208084641 | 第二借阅区/ [索取号:I217.52/614:3] | 在馆 | |
| 7 | 0808465 | 208084650 | 第二借阅区/ [索取号:I217.52/614:3] | 在馆 | |
| 8 | 0808466 | 208084669 | 第二借阅区/ [索取号:I217.52/614:3] | 在馆 | |
| 9 | 0808467 | 208084678 | 第二借阅区/ [索取号:I217.52/614:3] | 在馆 | |
| 10 | 0808468 | 208084687 | 第二借阅区/ [索取号:I217.52/614:3] | 在馆 |